000
00356cam a2200157ua 4500
041
_a
eng
_h
asm
082
_a
332.4
_b
GAM/MA
100
_a
Gambs, Johns S.
245
_a
Man,money and goods
250
_a
1 /
_b
.
260
_a
New York :
_b
Columbia University press ,
_c
1952.
300
_a
339 ; .
504
_a
942
_c
BK
999
_c
10031
_d
10031